000 00628nam a22002057a 4500
003 OSt
005 20220923150143.0
008 220922b |||||||| |||| 00| 0 eng d
020 _a3-89399-957-4
040 _cBiblioteca Lado V
082 _a708
_bC234t
100 _919
_aRaussmuller, Urs
245 _aHallen Für Neue Kunst/
260 _aAlemania
_bEdición Cantz
_c1999
300 _a99p.
_c13.5x20cm
650 _2Tesauro de Arte & Arquitectura
_aMUSEO
650 _2Tesauro de Arte & Arquitectura
_aARTE
650 _2Tesauro de Arte & Arquitectura
_aALEMANIA
942 _2ddc
_c1
_h708
_iR248h
_n0
999 _c2123
_d2123